| 000 | 01413cam a2200397 4500 | ||
|---|---|---|---|
| 001 | 13082 | ||
| 003 | BD-RjUL | ||
| 005 | 20211208235413.0 | ||
| 008 | 140130s1984 nyubr p 0 1 a0eng | ||
| 030 | _aSMTLB5 | ||
| 032 |
_a856260 _bUSPS |
||
| 035 | _a(BD-RjUL)13132 | ||
| 040 |
_aDLC _beng _cMnMULS _dNIC _dNSDP _dDLC _dAIP _dNSDP _dAIP _dNST _dNSDP _dNST _dOCoLC _dCU-S _dOCoLC _dDLC _dOCoLC _dMCM _dGU _dNSDP _dOCoLC _dDEBBG _dGBVCP _dUKMGB _dOCoLC _dBD-RjUL |
||
| 041 | 1 |
_aeng _hrus |
|
| 082 | 1 | 0 |
_a620 _211 _bHIS 1984 |
| 100 |
_aHiraskar, G.K. _940752 |
||
| 245 | 0 | 0 | _aStrength of materials / |
| 260 |
_aNew York : _bConsultants Bureau , _c1984. |
||
| 300 |
_aviii, 998 p. : _bill. ; _c28 cm. |
||
| 321 |
_aMonthly, _bJuly 1969-Dec. 1996 |
||
| 500 | _aincludes index. | ||
| 504 | _aincludes index. | ||
| 510 | 0 |
_aChemical abstracts _x0009-2258 |
|
| 515 | _aCarries vol. numbering and date of the original. | ||
| 650 | 0 |
_aStrength of materials _vPeriodicals. _940753 |
|
| 650 | 0 | 7 |
_aMechanische Eigenschaft. _2swd _940754 |
| 650 | 0 | 7 |
_aWerkstoff. _2swd _940755 |
| 650 | 0 | 7 |
_aZeitschrift. _2swd _94471 |
| 710 | 2 |
_aConsultants Bureau. _940756 |
|
| 765 | 0 |
_tProblemy prochnosti _x0556-171X _w(DLC)sn 85004956 |
|
| 776 | 0 | 8 |
_iOnline version: _tStrength of materials (Online) _x1573-9325 _w(DLC) 2008233211 _w(OCoLC)48472670 |
| 942 |
_2ddc _cBK |
||
| 999 |
_c13082 _d13082 |
||